| 000 | 00780nam a2200229Ia 4500 | ||
|---|---|---|---|
| 003 | CO-CtgCURN | ||
| 005 | 20250506135946.0 | ||
| 008 | 190725s9999 xx 000 0 und d | ||
| 020 | _a9789586991018 | ||
| 040 |
_aCO-CtgCURN _bspa _ccoctgcurn |
||
| 082 |
_a658.406 _bV293i |
||
| 100 | _aVarela V., Rodrigo | ||
| 245 | 0 |
_aInnovacion Empresarial / _cRodrigo Varela V. |
|
| 260 |
_aBogotá, Colombia : _bPearson Educacion, _c2008 |
||
| 300 |
_a664 páginas ; _c20 centímetros |
||
| 504 | _aIncluye referencias bibliográficas (p. 644-646) | ||
| 521 | _aAREA BASICA | ||
| 590 | _aTodos los programas acádemicos | ||
| 650 | _aCultura corporativa | ||
| 942 |
_cBK _h658.406 _iV293i _2ddc _n0 |
||
| 999 |
_c30266 _d30266 |
||